Role Plays (Record no. 6284)

MARC details
000 -LEADER
fixed length control field 00394nam a2200157Ia 4500
008 - FIXED-LENGTH DATA ELEMENTS--GENERAL INFORMATION
fixed length control field 230312s9999||||xx |||||||||||||| ||und||
020 ## - INTERNATIONAL STANDARD BOOK NUMBER
International Standard Book Number 81-7649-011-3
082 ## - DEWEY DECIMAL CLASSIFICATION NUMBER
Classification number 616.891523
Item number TUR-R
100 ## - MAIN ENTRY--PERSONAL NAME
Personal name Turner,David
245 #0 - TITLE STATEMENT
Title Role Plays
260 ## - PUBLICATION, DISTRIBUTION, ETC.
Name of publisher, distributor, etc. Viva Books Private Limited
Place of publication, distribution, etc. India
Date of publication, distribution, etc. 2004
300 ## - PHYSICAL DESCRIPTION
Extent 386
546 ## - LANGUAGE NOTE
Language note Eng.
650 ## - SUBJECT ADDED ENTRY--TOPICAL TERM
Topical term or geographic name entry element Management
Form subdivision Activities for trainers
942 ## - ADDED ENTRY ELEMENTS (KOHA)
Koha item type BOOK
Holdings
Withdrawn status Lost status Source of classification or shelving scheme Damaged status Not for loan Home library Current library Date acquired Total Checkouts Full call number Barcode Date last seen Price effective from Koha item type
    Dewey Decimal Classification     Superior Information Resource Center (SIRC) Superior University- Gold Campus Superior Information Resource Center (SIRC) Superior University- Gold Campus 03/13/2023   616.891523 TUR-R 6386 03/13/2023 03/13/2023 BOOK

Powered by Koha